The bill of rights and the police / (Record no. 1884)

000 -LEADER
fixed length control field nam a22 a 4500
003 - CONTROL NUMBER IDENTIFIER
control field AKMAL
005 - DATE AND TIME OF LATEST TRANSACTION
control field 20170512113655.0
008 - FIXED-LENGTH DATA ELEMENTS--GENERAL INFORMATION
fixed length control field 170512s1980 -uk 00 eng d
020 ## - INTERNATIONAL STANDARD BOOK NUMBER
International Standard Book Number 0379111306:
Terms of availability free
040 ## - CATALOGING SOURCE
Original cataloging agency AKMAL
Transcribing agency AKMAL
082 04 - DEWEY DECIMAL CLASSIFICATION NUMBER
Classification number 345.73052 ZAR
090 ## - LOCALLY ASSIGNED LC-TYPE CALL NUMBER (OCLC); LOCAL CALL NUMBER (RLIN)
Classification number (OCLC) (R) ; Classification number, CALL (RLIN) (NR) 345.73052
Local cutter number (OCLC) ; Book number/undivided call number, CALL (RLIN) ZAR
100 1# - MAIN ENTRY--PERSONAL NAME
Personal name Zarr, Melvyn,
Dates associated with a name 1936-
9 (RLIN) 3906
245 14 - TITLE STATEMENT
Title The bill of rights and the police /
Statement of responsibility, etc. Melvyn Zarr
250 ## - EDITION STATEMENT
Edition statement 2nd ed.
260 ## - PUBLICATION, DISTRIBUTION, ETC.
Place of publication, distribution, etc. Dobbs Ferry, New York :
Name of publisher, distributor, etc. Oceana Publications,
Date of publication, distribution, etc. 1980
300 ## - PHYSICAL DESCRIPTION
Extent iv, 123p. ;
Dimensions 19cm
440 ## - SERIES STATEMENT/ADDED ENTRY--TITLE
Title Legal almanac series ;
Volume/sequential designation no. 40
9 (RLIN) 3907
500 ## - GENERAL NOTE
General note Includes index
650 ## - SUBJECT ADDED ENTRY--TOPICAL TERM
Topical term or geographic name entry element Criminal procedure
General subdivision Popular States
Geographic subdivision United States
9 (RLIN) 3908
650 ## - SUBJECT ADDED ENTRY--TOPICAL TERM
Topical term or geographic name entry element Police
General subdivision Popular works
Geographic subdivision United States
9 (RLIN) 3909
942 ## - ADDED ENTRY ELEMENTS (KOHA)
Source of classification or shelving scheme
Koha item type Book
Holdings
Withdrawn status Lost status Source of classification or shelving scheme Damaged status Not for loan Collection code Home library Current library Shelving location Date acquired Inventory number Total Checkouts Full call number Barcode Date last seen Price effective from Koha item type
          NON-FICTION AKMAL Melaka AKMAL Melaka PINJAMAN 12.05.2017 302186   345.73052 ZAR 201705866 12.05.2017 12.05.2017 Book
Pusat Sumber Maklumat Dato' Haji Sarmin Md Hussin, Akademi Kastam Diraja Malaysia, Melaka
Tel: 06-2331106 | Faks: 06-2313787